Ḥayāt al-ṣaḥābah, (Record no. 88524)
[ view plain ]
| 000 -LEADER | |
|---|---|
| fixed length control field | 00903cam a22002531 4500 |
| 001 - CONTROL NUMBER | |
| control field | sa 68018586 |
| 003 - CONTROL NUMBER IDENTIFIER | |
| control field | DLC |
| 005 - DATE AND TIME OF LATEST TRANSACTION | |
| control field | 20260227112713.0 |
| 008 - FIXED-LENGTH DATA ELEMENTS--GENERAL INFORMATION | |
| fixed length control field | 900713m19601966ii h b 000 0 arar |
| 010 ## - LIBRARY OF CONGRESS CONTROL NUMBER | |
| LC control number | sa 68018586 |
| 025 ## - OVERSEAS ACQUISITION NUMBER | |
| Overseas acquisition number | PL480:I-Ar-79 |
| 035 ## - SYSTEM CONTROL NUMBER | |
| System control number | (OCoLC)22000508 |
| 040 ## - CATALOGING SOURCE | |
| Original cataloging agency | DLC |
| Transcribing agency | WaU |
| Modifying agency | WaU |
| -- | DLC |
| 042 ## - AUTHENTICATION CODE | |
| Authentication code | premarc |
| 050 00 - LIBRARY OF CONGRESS CALL NUMBER | |
| Classification number | BP75.5 |
| Item number | .K28 |
| 100 2# - MAIN ENTRY--PERSONAL NAME | |
| Personal name | Kāndihlawī al-Dihlawī, Muḥammad Yūsuf ibn Muḥammad Ilyās, |
| Dates associated with a name | 1917-1965. |
| 245 10 - TITLE STATEMENT | |
| Title | Ḥayāt al-ṣaḥābah, |
| Statement of responsibility, etc. | taʼlīf Muḥammad Yūsuf Najl Muḥammad Ilyās al-Kāndh́ilawī. |
| 250 ## - EDITION STATEMENT | |
| Edition statement | al-Ṭabʻah 1. |
| 260 ## - PUBLICATION, DISTRIBUTION, ETC. | |
| Place of publication, distribution, etc. | Ḥaydarābād al-Dakkan, |
| Name of publisher, distributor, etc. | Maṭbaʻat Majlis Dāʼirat al-Maʻārif al-ʻUthmānīyah, |
| Date of publication, distribution, etc. | 1960-66. |
| 300 ## - PHYSICAL DESCRIPTION | |
| Extent | 3 v. |
| Other physical details | facsim. |
| Dimensions | 25 cm. |
| 504 ## - BIBLIOGRAPHY, ETC. NOTE | |
| Bibliography, etc. note | Includes bibliographical references. |
| 600 00 - SUBJECT ADDED ENTRY--PERSONAL NAME | |
| Personal name | Muḥammad, |
| Titles and other words associated with a name | Prophet, |
| Dates associated with a name | -632 |
| General subdivision | Companions. |
| 600 00 - SUBJECT ADDED ENTRY--PERSONAL NAME | |
| Personal name | Muḥammad, |
| Titles and other words associated with a name | Prophet, |
| Dates associated with a name | -632. |
No items available.